Možnosti využívania dynamických metód pri hodnotení efektívnosti investičných projektov bakalárska práca

Saved in:
Bibliographic Details
Main Author: Olekšák, Peter
Corporate Author: Fakulta podnikového manažmentu EU. Katedra podnikových financií
Other Authors: Kalusová, Lenka, 1987-
Format: Book
Language:Slovak
Published: Bratislava 2025
Tags: Add Tag
No Tags, Be the first to tag this record!

MARC

LEADER 00000nbm a2200000 4500
001 0309699
005 20260108095356.2
041 0 |a slo 
044 |a SK 
245 1 0 |a Možnosti využívania dynamických metód pri hodnotení efektívnosti investičných projektov  |b bakalárska práca  |c Peter Olekšák ; školiteľ: Lenka Kalusová 
264 1 |a Bratislava  |c 2025 
300 |a 47 s. 
100 1 |a Olekšák, Peter 
700 1 |a Kalusová, Lenka, 1987- 
710 2 |a Fakulta podnikového manažmentu EU. Katedra podnikových financií